| 000 | 00629nam a2200157 a 4500 | ||
|---|---|---|---|
| 005 | 20140414093843.0 | ||
| 008 | 090615s19uu xx 00 eng d | ||
| 050 |
_aDVD 791.43 _bHOU 1993 |
||
| 100 | _aAugust, Bille | ||
| 245 |
_aThe House of the spirits / _cBille August. |
||
| 500 | _aRunning time: 140 mins. approx. | ||
| 520 | _aSpanning 3 generations of the Trueba family, this sweeping and brooding melodrama brings together historical events, romance, humour, fantasy, class conflicts, political realism and revenge in twetieth century South America. | ||
| 650 | _aMotion pictures. | ||
| 942 | _cAVM | ||
| 999 |
_c109448 _d109448 |
||